| 000 | 01423nam a2200205 a 4500 | ||
|---|---|---|---|
| 001 | 000012922 | ||
| 005 | 20200929163112.0 | ||
| 008 | 150130s1999 dr ac 000 0 spa d | ||
| 020 | _a8484002829 (v. 2) | ||
| 040 |
_aDO-SdBNP _bspa _cBNPHU |
||
| 082 |
_axxxx _bxxxx |
||
| 245 | 0 | 0 |
_aLengua española : _beducación básica / _cdirección editorial Lourdes Camilo de Cuello. |
| 250 | _a3a. ed. | ||
| 260 |
_aSanto Domingo : _bSecretaría de Estado de Educación y Cultura, _c1999 _fTaller |
||
| 300 |
_a8 v. : _bil., retrs. ; _c28 cm. |
||
| 500 | _aeducación básica | ||
| 500 | _aLa biblioteca solamente posee el volumen 2. | ||
| 505 | 1 |
_av. 2 : _gunidad 1 -- _tVolvemos a la escuela -- _gunidad 2 -- _t¡Ya no estoy solo! -- _gunidad 3 -- _tLas aventuras de Alicia -- _gunidad 4 -- _tLa fiesta de los sentidos -- _gunidad 5 -- _tJugamos y hacemos deporte -- _gunidad 6 -- _tHa llegado la navidad -- _gunidad 7 -- _tUna amistad poco común -- _gunidad 8 -- _tJuan sin miedo -- _gunidad 9 -- _tUna buena lección -- _gunidad 10 -- _t¡Cómo pasa el tiempo! -- _gunidad 11 -- _tUna buena noticia -- _gunidad 12 -- _tAgencia de viajes -- _gunidad 13 -- _tOtras formas de comunicación -- _gunidad 14 -- _tUna nueva casa -- _gunidad 15 -- _tLa chichigua pasea por el cielo -- _gunidad 16 -- _tUna visita al zoológico -- _gunidad 17 -- _tCuidamos la naturaleza -- _gunidad 18 -- _tLlegan las vacaciones -- |
|
| 700 | 1 | 2 |
_aCamilo de Cuello, Lourdes _edir. ed. _913081 |
| 999 |
_c12570 _d12570 |
||